Between Exile and Exodus : Argentinian Jewish Immigration to Israel, 1948-1967 /
Between exile and exodus : Argentinian Jewish immigration to Israel, 1948-1967 examines the case of the 16,500 Argentine Jewish immigrants who arrived in Israel during the first two decades of its existence (1948-1967). Based on a thorough investigation of various archives in Argentina and Israel, a...
| Autor principal: | |
|---|---|
| Otros Autores: | |
| Formato: | Electrónico eBook |
| Idioma: | Inglés Hebrew |
| Publicado: |
Detroit :
Wayne State University Press,
[2017]
|
| Colección: | Book collections on Project MUSE.
|
| Temas: | |
| Acceso en línea: | Texto completo |
MARC
| LEADER | 00000cam a22000004a 4500 | ||
|---|---|---|---|
| 001 | musev2_56575 | ||
| 003 | MdBmJHUP | ||
| 005 | 20230905045813.0 | ||
| 006 | m o d | ||
| 007 | cr||||||||nn|n | ||
| 008 | 170519s2017 miu o 00 0 eng d | ||
| 020 | |a 9780814343685 | ||
| 020 | |z 0814343686 | ||
| 020 | |z 9780814343678 | ||
| 035 | |a (OCoLC)1017611482 | ||
| 040 | |a MdBmJHUP |c MdBmJHUP | ||
| 041 | 1 | |a eng |h heb | |
| 100 | 1 | |a Klor, Sebastian, |e author. | |
| 240 | 1 | 0 | |a ʻAliyah mi-Argenṭinah li-Medinat Yiśraʼel ba-shanim 1948-1967. |l English |
| 245 | 1 | 0 | |a Between Exile and Exodus : |b Argentinian Jewish Immigration to Israel, 1948-1967 / |c Sebastian Klor ; translated by Lenn Schramm. |
| 264 | 1 | |a Detroit : |b Wayne State University Press, |c [2017] | |
| 264 | 3 | |a Baltimore, Md. : |b Project MUSE, |c 2018 | |
| 264 | 4 | |c ©[2017] | |
| 300 | |a 1 online resource. | ||
| 336 | |a text |b txt |2 rdacontent | ||
| 337 | |a computer |b c |2 rdamedia | ||
| 338 | |a online resource |b cr |2 rdacarrier | ||
| 500 | |a Originally presented in Hebrew as the author's thesis (Ph. D.) -- University of Haifa, 2012, under title : ha-ʻAliyah mi-Argenṭinah li-Medinat Yiśraʼel ba-shanim 1948-1967. | ||
| 505 | 0 | |a Argentina: host country of homeland? -- The pintele yid and the economic calculation: the factors behind Argentinian Jewish immigration to Israel in the 1950s and 1960s -- "We do not see the living individual": the crystallization of Israel's immigration policy -- Politicization, selection, and bureaucratization: the organization of Argentinian Jewish immigration to Israel -- "Marginal immigrants": the sociodemographics of the Argentinian Jewish immigration to Israel -- Halutzim, capitalists, and those somewhere in the middle -- Summary and conclusion: Argentinian Jewry as an example of an ethno-national diaspora. | |
| 520 | |a Between exile and exodus : Argentinian Jewish immigration to Israel, 1948-1967 examines the case of the 16,500 Argentine Jewish immigrants who arrived in Israel during the first two decades of its existence (1948-1967). Based on a thorough investigation of various archives in Argentina and Israel, author Sebastian Klor presents a sociohistoric analysis of that immigration with a comparative perspective. Although many studies have explored Jewish immigration to the State of Israel, few have dealt with the immigrants themselves. | ||
| 588 | |a Description based on print version record. | ||
| 650 | 7 | |a Jews |x Migrations. |2 fast |0 (OCoLC)fst00983310 | |
| 650 | 7 | |a Jews, Argentine. |2 fast |0 (OCoLC)fst00983416 | |
| 650 | 7 | |a Emigration and immigration. |2 fast |0 (OCoLC)fst00908690 | |
| 650 | 7 | |a HISTORY |z Middle East |x General. |2 bisacsh | |
| 650 | 0 | |a Jews |z Argentina |x Migrations. | |
| 650 | 0 | |a Jews, Argentine |z Israel |x History |y 20th century. | |
| 651 | 7 | |a Argentina. |2 fast |0 (OCoLC)fst01205614 | |
| 651 | 7 | |a Israel. |2 fast |0 (OCoLC)fst01204236 | |
| 651 | 0 | |a Israel |x Emigration and immigration |x History |y 20th century. | |
| 655 | 7 | |a History. |2 fast |0 (OCoLC)fst01411628 | |
| 655 | 7 | |a Electronic books. |2 local | |
| 700 | 1 | |a Schramm, Lenn J., |e translator. | |
| 710 | 2 | |a Wayne State University. |b Press, |e publisher. | |
| 710 | 2 | |a Project Muse. |e distributor | |
| 830 | 0 | |a Book collections on Project MUSE. | |
| 856 | 4 | 0 | |z Texto completo |u https://projectmuse.uam.elogim.com/book/56575/ |
| 945 | |a Project MUSE - Custom Collection | ||
| 945 | |a Project MUSE - 2018 Complete | ||
| 945 | |a Project MUSE - 2018 History | ||
| 945 | |a Project MUSE - 2018 Jewish Studies | ||


